| 000 | 01402nam a2200301 a 4500 | ||
|---|---|---|---|
| 001 | 000021695 | ||
| 005 | 20260123084548.0 | ||
| 008 | 100910s2006 dr r 001 0 spa d | ||
| 040 |
_aDO-SdBNP _bspa _cBNPHU |
||
| 082 |
_a341.37 _bH557c |
||
| 100 | 1 |
_aHernández- Machado Santana, Erick J. _913090 |
|
| 245 | 1 | 0 |
_aConvenios de la OIT/DR-Cafta / _cErick J. Hernández-Machado Santana. |
| 260 |
_aSanto Domingo : _bManatí, _c2006. |
||
| 300 |
_a127 p. ; _c23 cm. |
||
| 500 | _aIncluye datos biográficos del autor en las solapas. | ||
| 504 | _aIncluye referencias bibliográficas y notas al pie de páginas. | ||
| 504 | _aBibliografía : p. 125-127. | ||
| 505 | 0 |
_gPrólogo -- _tLa soberanía en el ámbito del Derecho Comunitario -- _tDe las decisiones en la Judicatura Dominicana y las NIT -- _tJurisprudencia laboral internacional -- _tConvenios fundamentales en DR-CAFTA -- _gAnexos -- _gBibliografía. |
|
| 590 | _aInventariado, 2018/BT | ||
| 650 | 4 |
_aTratados _zRepública Dominicana _912393 |
|
| 650 | 4 |
_aTratados comerciales _zAmérica Latina _931419 |
|
| 650 | 4 |
_aDerecho de integración _945126 |
|
| 650 | 0 |
_aDerecho internacional laboral _945127 |
|
| 650 | 4 |
_aLegislación laboral _xRepública dominicana _95965 |
|
| 651 | 4 |
_aAmérica Latina _xIntegración Económica _928831 |
|
| 710 | 2 |
_aOrganización Internacional del Trabajo, OIT _945128 |
|
| 910 | _aValidado. Control de calidad. EMS | ||
| 999 |
_c21194 _d21194 |
||